Vybrané aspekty obchodných vzťahov medzi EÚ a Čínou - poskytovanie služieb finančného spravodajstva

Gespeichert in:
Bibliographische Detailangaben
1. Verfasser: Silná, Zuzana
Format: Buchkapitel
Sprache:Slowakisch
Englisch
Schlagworte:
Tags: Tag hinzufügen
Keine Tags, Fügen Sie das erste Tag hinzu!

MARC

LEADER 00000naa$a2200000$$$4500
001 0101031
005 20240711105554.5
041 0 |a slo 
041 0 |a eng 
044 |a SK 
245 1 0 |a Vybrané aspekty obchodných vzťahov medzi EÚ a Čínou - poskytovanie služieb finančného spravodajstva  |c Zuzana Silná 
610 2 0 |a spolupráca hospodárska medzinárodná 
610 2 0 |a financie 
610 2 0 |a regulácia 
610 2 0 |a obchod zahraničný 
610 2 0 |a Čína 
610 2 0 |a Európska únia 
100 1 |a Silná, Zuzana